| 000 | 00862cam a2200241 a 4500 | ||
|---|---|---|---|
| 001 | 000017985 | ||
| 005 | 20230519124857.0 | ||
| 008 | 930506s1992 pr c b 000 0bspa d | ||
| 035 | _a(DLC) 93150163 | ||
| 035 | _a(OCoLC)28327606 | ||
| 040 |
_aDO-SdBNP _aspa _cPrRU _dDLC _dBNPHU |
||
| 082 |
_a927.95 _bA668A |
||
| 100 | 1 |
_aArrigoitia, Luis de. _938988 |
|
| 245 | 1 | 3 |
_aLa ejemplaridad en Margot Arce de Vázquez / _cLuis de Arrigoitia ; presentación Elsa Tió. |
| 260 |
_aSan Juan, Pueto Rico : _bFundación Felisa Rincón de Gautier, _c1992. |
||
| 300 |
_a36 p. : _bport. ; _c22 cm. |
||
| 504 | _aContiene referencias bibliográficas. | ||
| 600 | 1 | 0 |
_aARCE DE VÁZQUEZ, MARGOT, _d1904-1990. _938989 |
| 650 | 4 |
_aHispanistas _zPuerto Rico _xBiografía. _938990 |
|
| 700 | 1 |
_aTió, Elsa, _d1957- _938991 |
|
| 910 | _aCatalogación por copia / LC | ||
| 049 | _aBNGR | ||
| 999 |
_c17507 _d17507 |
||